000 00671nam a22002417a 4500
001 BR7400268
003 BR-BrBNA
005 20230928084506.0
007 ta
008 230509b bl.||||| |||| 00| 0 por d
040 _aBR-BrBNA
_bpor
_cBiblioteca Nacional de Agricultura
041 _a(Por)
072 _aE10
_b2120
090 _ 2120 BR7400268
100 1 _aPiza, M.
245 1 _aO trabalho na lavoura de cafe; novo rumo
_bPalestra proferida a 5 de junho de 1929 na "Sociedade Rural Brasileira"
260 3 _aSao Paulo, SP (Brasil):
_c1929.
300 _a19 p.
650 _aCAFE
650 _aLAVOURA
909 _a202309
_bLucia
_c55
_dLucia Elande
942 _cBK
999 _c19321
_d19321